[Event "Hampshire-chB"]
[Site "Fareham"]
[Date "2022.11.06"]
[Round "5"]
[White "Sharples, Harry"]
[Black "Belinger, John"]
[Result "1-0"]
[WhiteElo "1794"]
[BlackElo "1668"]
[PlyCount "93"]
[EventDate "2022.11.04"]
[EventType "swiss"]
[EventRounds "6"]
[EventCountry "ENG"]
[SourceTitle "EXT 2024"]
[Source "ChessBase"]
[SourceDate "2023.10.10"]
[SourceVersion "1"]
[SourceVersionDate "2023.10.10"]
[SourceQuality "1"]

1. d4 d5 2. c4 e6 3. Nc3 Nf6 4. Bg5 Be7 5. Qc2 0-0 6. e3 h6 7. h4 b6 8. cxd5 Nxd5 9. Nxd5 exd5 10. Bf4 Bd6 11. Bxd6 Qxd6 12. a3 c5 13. dxc5 bxc5 14. Rc1 c4 15. Rd1 Qc6 16. Be2 Bb7 17. Bf3 Qb5 18. Ne2 Rd8 19. 0-0 Na6 20. Nc3 Qa5 21. Rd4 Nc7 22. Rfd1 Ne6 23. R4d2 Nc7 24. e4 d4 25. Rxd4 Rxd4 26. Rxd4 Ba6 27. Be2 Ne6 28. Rd1 Rd8 29. Rxd8+ Qxd8 30. Nd5 Nd4 31. Qd1 Nxe2+ 32. Qxe2 Qa5 33. Qd1 Qc5 34. Qc2 Qa5 35. Qc3 Qa4 36. Ne3 Qb5 37. Kh2 Qa4 38. Nf5 f6 39. Qd2 Qe8 40. Qf4 Kh8 41. Qc7 Qf8 42. Qxa7 Bb5 43. a4 Bc6 44. f3 Kh7 45. h5 Kh8 46. a5 Ba4 47. Qb7 1-0